000 00537nam a2200181Ia 4500
008 090124s9999 xx 000 0 und d
082 _b118049
100 _aआफळे सुनीति
245 _a एक दाणा एक उखाणा
250 _a1
260 _c1979
300 _a100
600 _aआफळे सुनीति
630 _a एक दाणा एक उखाणा
700 _aआफळे सुनीति
730 _a एक दाणा एक उखाणा
942 _cBOOK
999 _c164136
_d164136